Rumi (Record no. 16266)

MARC details
000 -LEADER
fixed length control field 00631nam a2200253 a 4500
020 ## - INTERNATIONAL STANDARD BOOK NUMBER
ISBN 8171513492
082 00 - DEWEY DECIMAL CLASSIFICATION NUMBER
Classification number 891.51
Author Cutter DAV
100 ## - MAIN ENTRY--AUTHOR NAME
Author name Davis, F Hadland
245 ## - TITLE STATEMENT
Title Rumi
Sub title The Persian Mystics
260 ## - PUBLICATION, DISTRIBUTION, ETC. (IMPRINT)
Place of publication New Delhi
Name of publisher Kitab Bhavan
Year of publication 0000
300 ## - PHYSICAL DESCRIPTION
Number of Pages 118p
500 ## - GENERAL NOTE
General note includes index and biblioraphy
505 2# - FORMATTED CONTENTS NOTE
Formatted contents note appendix
650 ## - SUBJECT ADDED ENTRY--TOPICAL TERM
Topical Term Persian Poetry
650 ## - SUBJECT ADDED ENTRY--TOPICAL TERM
Topical Term Jami, Abdur Rahman-Poetry
942 ## - ADDED ENTRY ELEMENTS (KOHA)
Koha item type Books
700 1# -
-- Davis, F Hadland
Holdings
Collection code Home library Current library Date acquired Cost, normal purchase price Full call number Accession Number Koha item type
  Henry Martyn Institute Library Henry Martyn Institute Library 03/13/2009 65.00 891.51 DAV 021775 Books
                   Copyright © 2026 | Henry Martyn Institute | Hyderabad | TS-500052 | INDIA | Implemented by hmi.edu.in
Hit-Count:

Powered by Koha